The secret of the Nagas / (Record no. 80810)
[ view plain ]
| 000 -LEADER | |
|---|---|
| fixed length control field | 01003nam a22002417a 4500 |
| 005 - DATE AND TIME OF LATEST TRANSACTION | |
| control field | 20140423142316.0 |
| 008 - FIXED-LENGTH DATA ELEMENTS--GENERAL INFORMATION | |
| fixed length control field | 131121b xxu||||| |||| 00| 0 eng d |
| 010 ## - LCCN (DPL NO) | |
| LC control number | B-527659-660 B-529805 |
| 020 ## - INTERNATIONAL STANDARD BOOK NUMBER | |
| International Standard Book Number | 9789381626344 |
| Terms of availability | 225.00.00 |
| 035 ## - SYSTEM CONTROL NUMBER | |
| System control number | B-527659-660 |
| 040 ## - CATALOGING SOURCE | |
| Original cataloging agency | DPL |
| 082 ## - DEWEY DECIMAL CLASSIFICATION NUMBER | |
| Classification number | N |
| 100 ## - MAIN ENTRY--PERSONAL NAME | |
| Personal name | Amish |
| 245 ## - TITLE STATEMENT | |
| Title | The secret of the Nagas / |
| Statement of responsibility, etc | by Amish |
| 260 ## - PUBLICATION, DISTRIBUTION, ETC. (IMPRINT) | |
| Place of publication, distribution, etc | Chennai |
| Name of publisher, distributor, etc | Westland |
| Date of publication, distribution, etc | 2012 |
| 270 ## - ADDRESS | |
| Address | 61 Silverline Building, 2nd floor, Alapakkam Main Road, Maduravoyal, |
| City | Chennai |
| Postal code | 600095 |
| 300 ## - PHYSICAL DESCRIPTION | |
| Extent | 395p. |
| Dimensions | 18cm.(Pbk) |
| 490 ## - SERIES STATEMENT | |
| Series statement | Shiva Trilogy 2 |
| 500 ## - GENERAL NOTE | |
| General note | Includes Glossary |
| 942 ## - ADDED ENTRY ELEMENTS (KOHA) | |
| Source of classification or shelving scheme | Dewey Decimal Classification |
| Item type | English Books |
| Call number suffix | AMI |
| Classification part | N |
| Withdrawn status | Lost status | Source of classification or shelving scheme | Damaged status | Not for loan | Collection code | Home library | Current library | Date acquired | Source of acquisition | Cost, normal purchase price | Total Checkouts | Total Renewals | Full call number | Barcode | Checked out | Date last seen | Copy number | Cost, replacement price | Koha item type |
|---|---|---|---|---|---|---|---|---|---|---|---|---|---|---|---|---|---|---|---|
| Dewey Decimal Classification | Fiction | R.K.Puram-8 | R.K.Puram-8 | 21/11/2013 | K.K.Pub./3307/13.9.13/DPL/ZLS/RP/2013-14/3/415/12.813/23.9.13 | 225.00 | 12 | 10 | N AMI | B-527660 | 04/06/2025 | 2 | 225.00 | English Books | |||||
| Dewey Decimal Classification | Fiction | Sarojini Nagar | Sarojini Nagar | 23/04/2014 | UBH/251/13.2.14/DPL/ZLS/RP/2013-14/4/515/5.2.14/21.2.14 | 295.00 | N AMI | B-529805 | 23/04/2014 | 1 | 295.00 | English Books | |||||||
| Dewey Decimal Classification | Fiction | Vinoba Puri | Vinoba Puri | 21/11/2013 | K.K.Pub./3307/13.9.13/DPL/ZLS/RP/2013-14/3/415/12.813/23.9.13 | 225.00 | 25 | 8 | N AMI | B-527659 | 06/12/2018 | 22/11/2018 | 2 | 225.00 | English Books |
